Minecraft Bastion Remnant Loot - Sudden Death - Statistics

General Stats
  • This quiz has been taken 63 times
  • The average score is 6 of 18
Answers on the Grid
Answers color-coded by a green-red scale on the quiz's grid according to % correct below.
Ancient debris
Arrow
Block of gold
Block of iron
Block of netherite
Bone block
Chain
Compass
Damaged enchanted crossbow
Damaged golden axe
Enchanted iron hoe
Ender pearl
Fire charge
Gilded blackstone
Gravel
Leather
Lodestone
Magma cream
Music disc (13)
Nether quartz
Netherite helmet
Netherite scrap
Netherite upgrade smithing template
Potion of fire resistance
Raw porkchop
Soul sand
Soul soil
Soul torch
Spectral arrow
String
 
Answer Stats
Answer % Correct
Ancient debris
73%
Arrow
67%
Block of gold
67%
Chain
60%
Block of iron
53%
Bone block
47%
Damaged enchanted crossbow
47%
Netherite scrap
27%
Netherite upgrade smithing template
20%
Gilded blackstone
13%
Lodestone
13%
Nether quartz
13%
Raw porkchop
13%
Soul sand
13%
Spectral arrow
13%
Leather
7%
Magma cream
7%
String
7%
No matching quizzes found
Score Distribution
Percent of People with Each Score
Percentile by Number Answered
Your Score History
You have not taken this quiz